Keys to reading an annual report
| Main Author: | |
|---|---|
| Format: | Book |
| Published: |
New York :
Barron's Educational Series, Inc. ,
2008
|
| Subjects: |
MARC
| LEADER | 00000cam a2200000 7i4500 | ||
|---|---|---|---|
| 001 | 0000123786 | ||
| 005 | 20080903.0 | ||
| 020 | |a 0764139150 | ||
| 090 | 0 | 0 | |a 657.3 |b FRI |
| 100 | 1 | |a Friedlob, George Thomas | |
| 245 | 1 | 0 | |a Keys to reading an annual report |c George Thomas Friedlob and Ralph E. Welton |
| 260 | |a New York : |b Barron's Educational Series, Inc. , |c 2008 | ||
| 300 | |a 204p. ; |c 21cm. | ||
| 650 | 0 | 0 | |a Auditors' reports |
| 650 | 0 | 0 | |a Financial statements |
| 999 | |a 00218932 |b BUKU |c PINJAMAN |e PERPUSTAKAAN KOMUNITI PETALING JAYA | ||